LIBRARY & INFORMATION CENTRE, KCAET, TAVANUR

ONLINE PUBLIC ACCESS CATALOGUE (OPAC)

Azhalinte nizhal / (Record no. 4949)

MARC details
000 -LEADER
fixed length control field 00426cam a2200169ua 4500
041 ## - LANGUAGE CODE
Language code of text/sound track or separate title mal
082 ## - DEWEY DECIMAL CLASSIFICATION NUMBER
Classification number 894.8121
Item number MAT/AZ
100 ## - MAIN ENTRY--AUTHOR NAME
Personal name Mathew, T P .
245 ## - TITLE STATEMENT
Title Azhalinte nizhal /
260 ## - PUBLICATION, DISTRIBUTION, ETC. (IMPRINT)
Place of publication Kannur :
Name of publisher Haji K P Ahmmed Kunji and Brothers Book Sellers ,
Year of publication 1955.
300 ## - PHYSICAL DESCRIPTION
Number of Pages 60 ; .
942 ## - ADDED ENTRY ELEMENTS (KOHA)
Koha item type Books
Holdings
Withdrawn status Lost status Damaged status Home library Current library Date acquired Full call number Accession Number Koha item type
Withdrawn     KAUAET Malayalam University 07/04/2012 894.8121 1007 Books
free website counter